Sumer

Guardat en:
Dades bibliogràfiques
Autor principal: Parrot, André (autor)
Format: Llibre
Idioma:espanyol
Publicat: Madrid Aguilar 1961
Edició:2a. ed
Col·lecció:El Universo de las Formas
Matèries:
Etiquetes: Afegir etiqueta
Sense etiquetes, Sigues el primer a etiquetar aquest registre!

MARC

LEADER 00000nam a2200000 a 4500
001 UCP3831
003 CL-VaPUC
008 990702e19610000SP |||||||||||||||||spa|d
082 0 4 |a 709.013  |b PAR  |2 21 
100 |a Parrot, André  |e autor  |9 576424 
245 1 0 |a Sumer 
250 |a 2a. ed 
300 |a 396 p 
942 |c BK 
945 |d 19990702 00:00:00  |a lriquelm 
260 |a Madrid  |b Aguilar  |c 1961 
650 0 |a Arte sumerio  |9 329933 
650 0 |a Arte asirio babilónico   |9 329934 
651 7 |a BABILONIA  |2 CL-VaPUC  |9 322408 
583 |a last modification  |c 19990702 00:00:00  |k Rodrigo Vera 
490 0 |a El Universo de las Formas 
999 |c 281986  |d 281984 
952 |0 0  |1 0  |4 0  |6 709_013000000000000_PAR_1961  |7 0  |8 X  |9 323170  |a BIBHIS  |b BIBHIS  |d 2019-11-20  |i 1363832  |o 709.013 PAR 1961  |p 1363832  |r 2024-01-30  |w 2019-11-20  |y BK_X  |k HIS 
952 |0 0  |1 0  |4 0  |6 709_013000000000000_PAR_1961  |7 0  |8 F  |9 323171  |a BIBART  |b BIBART  |d 2019-11-20  |i 3737217  |o 709.013 PAR 1961  |p 3737217  |r 2025-03-13  |w 2019-11-20  |y BK_F  |k ART